000 00399nam a22001697a 4500
005 20160504100313.0
008 160504b xxu||||| |||| 00| 0 eng d
020 _a0-07-120-412-1
041 _aeng
082 _b1228
100 _aLuthaus Fred
_9416
245 _aOrganisational Behaviour
260 _aNew York
_bMc graw hill
_c2002
300 _a643
650 _aManagement
_9241
942 _cBK
999 _c502
_d502